Shershah Awr Uska Ahad (Record no. 14634)

MARC details
000 -LEADER
fixed length control field 00635nam a2200241 a 4500
020 ## - INTERNATIONAL STANDARD BOOK NUMBER
ISBN
082 00 - DEWEY DECIMAL CLASSIFICATION NUMBER
Classification number 954.024
Author Cutter QAN
100 ## - MAIN ENTRY--AUTHOR NAME
Author name Qanoongo, Kalika Ranjan
245 ## - TITLE STATEMENT
Title Shershah Awr Uska Ahad
260 ## - PUBLICATION, DISTRIBUTION, ETC. (IMPRINT)
Place of publication New Delhi
Name of publisher Qaumi Council Barai Taraqi-E-Urdu Lang
Year of publication 1998
300 ## - PHYSICAL DESCRIPTION
Number of Pages 704p
500 ## - GENERAL NOTE
General note includes index and biblioraphy
505 2# - FORMATTED CONTENTS NOTE
Formatted contents note Bibliography
650 ## - SUBJECT ADDED ENTRY--TOPICAL TERM
Topical Term India-History Sher Shah Suri
650 ## - SUBJECT ADDED ENTRY--TOPICAL TERM
Topical Term India-History Muslim Period
942 ## - ADDED ENTRY ELEMENTS (KOHA)
Koha item type Books
Holdings
Collection code Home library Current library Date acquired Cost, normal purchase price Full call number Accession Number Koha item type
  Henry Martyn Institute Library Henry Martyn Institute Library 04/04/2007 135.00 954.024 QAN 021092 Books
                   Copyright © 2026 | Henry Martyn Institute | Hyderabad | TS-500052 | INDIA | Implemented by hmi.edu.in
Hit-Count:

Powered by Koha